000 00428nam a2200181Ia 4500
001 15365
005 20260306170150.0
008 260306t1986||||xx |||||||||||||| ||und||
041 _aESP
082 _a536.44
_bM61
100 _aMinton, Paul E.
_eAUT
245 0 _aHandbook of evaporation technology
260 _c1986
300 _a390 páginas :
_c24 cm.
650 _aGEN
654 _aCCN
942 _cLIB
_dJUS
_fJUS
_2ddc
_n
999 _c15365
_d15365